000 00478nam a2200181 a 4500
020 _a0195628
082 0 0 _a322.10954
_bBHA
100 _aBharucha, Rustom
245 _aIn the Name of the Secular
260 _aDelhi
_bOxford and IBH PUB CO.
_c1998
300 _a197p
500 _aincludes index and biblioraphy
505 2 _areference and notes
650 _aSecularism
650 _aStage Presentation Andsecularism
700 1 _aBharucha, Rustom
942 _cBK
999 _c12192
_d12192